00680nam a2200145Ia 4500008004100000020002200041050002100063100003500084245011200119250001100231260004500242300002400287500013800311650008500449120721s9999 xx 000 0 und d a978-607-406-041-6 aKGF7611.A28 2009 aDistrito Federal [Leyes, etc.] aAgenda civil del D.F. 2009 : compendio de leyes, reglamentos y otras disposiciones conexas sobre la materia a18a ed aMéxico : Ediciones Fiscales ISEF, 2009 apag. varia ; 17 cm. aIncluye: Código civil para el D.F.- - código civil federal. - - código federal de procedimientos civiles. - - ley del notariado a1. Derecho civil - Distrito Federal 2. Procedimiento civil - Distrito FederalÌ